000 00494nam a2200169Ia 4500
999 _c26809
_d26809
003 OSt
005 20201230160331.0
008 190216s9999||||xx |||||||||||||| ||und||
040 _coclc
082 _a894.8121
_bNAI/K
100 _aNair, Edasseri Govindan
_96933
245 0 _aKavile Pattu /
_cEdasseri Govindan Nair
260 _bPoorna Publication,
_c1966.
_aKozhikode:
300 _a106p
650 _aKavithkal
942 _cBK
_2ddc
_h894.8121
_iNAI/K
_k894.8121
_mNAI/K